[Event "Stay Safe Play From Home 395"]
[Site "Emanuel Lasker Arena"]
[Date "2020.08.19"]
[Round "8"]
[White "Lamborghini"]
[Black "Fred58300"]
[Result "1-0"]
[WhiteElo "2320"]
[BlackElo "1532"]
[Annotator "NA"]
[PlyCount "23"]
[EventDate "2020.08.19"]
[EventType "swiss (blitz)"]

1. e4 {[%emt 0:00:01]} c5 {[%emt 0:00:03]} 2. Nf3 {[%emt 0:00:01]} a6 {[%emt 0:00:00]} 3. d4 {[%emt 0:00:00]} cxd4 {[%emt 0:00:04]} 4. c3 {[%emt 0:00:00]} dxc3 {[%emt 0:00:02]} 5. Nxc3 {[%emt 0:00:01]} Nc6 {[%emt 0:00:02]} 6. Bg5 {[%emt 0:00:04]} d6 {[%emt 0:00:03]} 7. Qd2 {[%emt 0:00:01]} Nf6 {[%emt 0:00:05]} 8. Bxf6 {[%emt 0:00:01]} gxf6 {[%emt 0:00:03]} 9. O-O-O {[%emt 0:00:00]} Qc7 {[%emt 0:00:08]} 10. Kb1 {[%emt 0:00:01]} Bg7 {[%emt 0:00:03]} 11. Nd5 {[%emt 0:00:01]} O-O {[%emt 0:00:05]} 12. Nxc7 {[%emt 0:00:02] Fred58300 resigns Fred58300 resigns Fred58300 resigns (Lag: Av=0.44s, max=0.8s) (Lag: Av=0.44s, max=0.8s) (Lag: Av=0.44s, max=0.8s)} 1-0

[Event "Stay Safe Play From Home 395"]
[Site "Emanuel Lasker Arena"]
[Date "2020.08.19"]
[Round "8"]
[White "Mepe_Nika"]
[Black "Tran Minh Thang"]
[Result "0-1"]
[WhiteElo "2283"]
[BlackElo "2510"]
[PlyCount "78"]
[EventDate "2020.08.19"]
[EventType "swiss (blitz)"]

1. d4 {[%emt 0:00:01]} Nf6 {[%emt 0:00:02]} 2. c4 {[%emt 0:00:01]} e6 {[%emt 0:00:00]} 3. Nc3 {[%emt 0:00:00]} d5 {[%emt 0:00:00]} 4. Nf3 {[%emt 0:00:01]} Bb4 {[%emt 0:00:00]} 5. cxd5 {[%emt 0:00:01]} exd5 {[%emt 0:00:01]} 6. Bg5 {[%emt 0:00:01]} O-O {[%emt 0:00:01]} 7. e3 {[%emt 0:00:01]} h6 {[%emt 0:00:02]} 8. Bh4 {[%emt 0:00:01]} g5 {[%emt 0:00:01]} 9. Bg3 {[%emt 0:00:01]} Ne4 {[%emt 0:00:00]} 10. Qc2 {[%emt 0:00:02]} c5 {[%emt 0:00:04]} 11. dxc5 {[%emt 0:00:02]} Bxc3+ {[%emt 0:00:03]} 12. bxc3 {[%emt 0:00:01]} Nc6 {[%emt 0:00:02]} 13. Bd3 {[%emt 0:00:01]} Bf5 {[%emt 0:00:02]} 14. Nd4 {[%emt 0:00:03]} Bg6 {[%emt 0:00:04]} 15. h4 {[%emt 0:00:03]} Nxg3 {[%emt 0:00:03]} 16. fxg3 {[%emt 0:00:00]} Bxd3 {[%emt 0:00:02]} 17. Qxd3 {[%emt 0:00:01]} Nxd4 {[%emt 0:00:06]} 18. Qxd4 {[%emt 0:00:01]} Re8 {[%emt 0:00:02]} 19. O-O {[%emt 0:00:02]} Re4 {[%emt 0:00:02]} 20. Qd3 {[%emt 0:00:03]} gxh4 {[%emt 0:00:01]} 21. Rf5 {[%emt 0:00:03]} hxg3 {[%emt 0:00:05]} 22. Kf1 {[%emt 0:00:16]} Qh4 {[%emt 0:00:01]} 23. Ke2 {[%emt 0:00:01]} Rae8 {[%emt 0:00:02]} 24. Raf1 {[%emt 0:00:09]} Qh2 {[%emt 0:00:03]} 25. Kf3 {[%emt 0:00:02]} Rxe3+ {[%emt 0:00:07]} 26. Qxe3 {[%emt 0:00:00]} Rxe3+ {[%emt 0:00:00]} 27. Kxe3 {[%emt 0:00:00]} Qxg2 {[%emt 0:00:00]} 28. Rxf7 {[%emt 0:00:00]} Qe4+ {[%emt 0:00:00]} 29. Kd2 {[%emt 0:00:01]} g2 {[%emt 0:00:00]} 30. Rg1 {[%emt 0:00:01]} Kxf7 {[%emt 0:00:01]} 31. Rxg2 {[%emt 0:00:00]} Qf3 {[%emt 0:00:00]} 32. Re2 {[%emt 0:00:01]} Qxe2+ {[%emt 0:00:00]} 33. Kxe2 {[%emt 0:00:01]} Ke6 {[%emt 0:00:00]} 34. Kf2 {[%emt 0:00:00]} h5 {[%emt 0:00:01]} 35. c6 {[%emt 0:00:00]} bxc6 {[%emt 0:00:01]} 36. Kg1 {[%emt 0:00:00]} c5 {[%emt 0:00:00]} 37. Kh2 {[%emt 0:00:00]} d4 {[%emt 0:00:00]} 38. a3 {[%emt 0:00:00]} dxc3 {[%emt 0:00:00]} 39. a4 {[%emt 0:00:00]} c2 {[%emt 0:00:00] Time Time Time (Lag: Av=0.75s, max=1.2s) (Lag: Av=0.75s, max=1.2s) (Lag: Av=0.75s, max=1.2s)} 0-1

[Event "Stay Safe Play From Home 395"]
[Site "Emanuel Lasker Arena"]
[Date "2020.08.19"]
[Round "8"]
[White "MihailoVujic"]
[Black "Hickey"]
[Result "1-0"]
[WhiteElo "2185"]
[BlackElo "2240"]
[PlyCount "93"]
[EventDate "2020.08.19"]
[EventType "swiss (blitz)"]

1. e4 {[%emt 0:00:00]} c6 {[%emt 0:00:01]} 2. d4 {[%emt 0:00:01]} d5 {[%emt 0:00:00]} 3. f3 {[%emt 0:00:00] MihailoVujic offers a draw} e6 {[%emt 0:00:03]} 4. Nc3 {[%emt 0:00:01]} Bb4 {[%emt 0:00:01]} 5. Bd2 {[%emt 0:00:00]} dxe4 {[%emt 0:00:02]} 6. Nxe4 {[%emt 0:00:00]} Bxd2+ {[%emt 0:00:00]} 7. Qxd2 {[%emt 0:00:00]} Nf6 {[%emt 0:00:00]} 8. Nxf6+ {[%emt 0:00:01]} Qxf6 {[%emt 0:00:00]} 9. O-O-O {[%emt 0:00:00]} O-O {[%emt 0:00:01]} 10. Nh3 {[%emt 0:00:00]} e5 {[%emt 0:00:01]} 11. dxe5 {[%emt 0:00:01]} Qxe5 {[%emt 0:00:00]} 12. Nf4 {[%emt 0:00:02]} Bf5 {[%emt 0:00:01]} 13. Bd3 {[%emt 0:00:01]} Bxd3 {[%emt 0:00:01]} 14. Nxd3 {[%emt 0:00:00]} Qe6 {[%emt 0:00:01]} 15. Kb1 {[%emt 0:00:02]} Na6 {[%emt 0:00:01]} 16. Rhe1 {[%emt 0:00:01]} Qf6 {[%emt 0:00:02]} 17. Qf4 {[%emt 0:00:03]} Qg6 {[%emt 0:00:04]} 18. Re5 {[%emt 0:00:03]} Rfe8 {[%emt 0:00:03]} 19. Rg5 {[%emt 0:00:01]} Qh6 {[%emt 0:00:01]} 20. Qg3 {[%emt 0:00:03]} Re6 {[%emt 0:00:04]} 21. Nf4 {[%emt 0:00:01]} Re7 {[%emt 0:00:09]} 22. Nh5 {[%emt 0:00:01]} f6 {[%emt 0:00:01]} 23. Rf5 {[%emt 0:00:09]} Rf8 {[%emt 0:00:02]} 24. Qd6 {[%emt 0:00:04]} Ref7 {[%emt 0:00:02]} 25. Ng3 {[%emt 0:00:02]} Nc7 {[%emt 0:00:01]} 26. b3 {[%emt 0:00:04]} Nd5 {[%emt 0:00:02]} 27. Rh5 {[%emt 0:00:04]} Nc3+ {[%emt 0:00:03]} 28. Ka1 {[%emt 0:00:02]} Qg6 {[%emt 0:00:04]} 29. Rd3 {[%emt 0:00:02]} Nd5 {[%emt 0:00:01]} 30. Kb2 {[%emt 0:00:01]} Nf4 {[%emt 0:00:04]} 31. Qxf4 {[%emt 0:00:02]} Re7 {[%emt 0:00:00]} 32. Rf5 {[%emt 0:00:01]} Re5 {[%emt 0:00:00]} 33. Rxe5 {[%emt 0:00:01]} fxe5 {[%emt 0:00:00]} 34. Qc4+ {[%emt 0:00:00]} Qf7 {[%emt 0:00:01]} 35. Ne4 {[%emt 0:00:00]} Qxc4 {[%emt 0:00:01]} 36. bxc4 {[%emt 0:00:00]} Re8 {[%emt 0:00:00]} 37. Rd7 {[%emt 0:00:00]} Re7 {[%emt 0:00:01]} 38. Rxe7 {[%emt 0:00:01]} Kf8 {[%emt 0:00:00]} 39. Rxb7 {[%emt 0:00:00]} h6 {[%emt 0:00:00]} 40. Nd6 {[%emt 0:00:00]} g5 {[%emt 0:00:00]} 41. Rxa7 {[%emt 0:00:00]} Kg8 {[%emt 0:00:00]} 42. Rc7 {[%emt 0:00:00]} Kh8 {[%emt 0:00:00]} 43. a4 {[%emt 0:00:00]} Kg8 {[%emt 0:00:00]} 44. a5 {[%emt 0:00:00]} Kf8 {[%emt 0:00:00] ' ' '} 45. a6 {[%emt 0:00:00]} Kg8 {[%emt 0:00:00]} 46. a7 {[%emt 0:00:00]} Kf8 {[%emt 0:00:01]} 47. a8=Q# {[%emt 0:00:00] (Lag: Av=1.42s, max=14.7s) (Lag: Av=1.42s, max=14.7s) (Lag: Av=1.42s, max=14.7s)} 1-0

[Event "Stay Safe Play From Home 395"]
[Site "Emanuel Lasker Arena"]
[Date "2020.08.19"]
[Round "9"]
[White "AChessPlayer"]
[Black "Fred58300"]
[Result "1-0"]
[WhiteElo "2394"]
[BlackElo "1530"]
[Annotator "NA"]
[PlyCount "37"]
[EventDate "2020.08.19"]
[EventType "swiss (blitz)"]

1. Nf3 {[%emt 0:00:01]} Nf6 {[%emt 0:00:05]} 2. g3 {[%emt 0:00:00]} g6 {[%emt 0:00:02]} 3. Bg2 {[%emt 0:00:01]} Bg7 {[%emt 0:00:01]} 4. O-O {[%emt 0:00:00]} O-O {[%emt 0:00:02]} 5. d3 {[%emt 0:00:00]} d6 {[%emt 0:00:02]} 6. e4 {[%emt 0:00:00]} Bd7 {[%emt 0:00:02]} 7. c3 {[%emt 0:00:01]} e5 {[%emt 0:00:03]} 8. Re1 {[%emt 0:00:00]} Nc6 {[%emt 0:00:03]} 9. d4 {[%emt 0:00:00]} exd4 {[%emt 0:00:03]} 10. cxd4 {[%emt 0:00:00]} Ne7 {[%emt 0:00:02]} 11. Nc3 {[%emt 0:00:03]} a6 {[%emt 0:00:02]} 12. e5 {[%emt 0:00:02]} dxe5 {[%emt 0:00:02]} 13. dxe5 {[%emt 0:00:00]} Ne8 {[%emt 0:00:03]} 14. Bd2 {[%emt 0:00:02]} Be6 {[%emt 0:00:03]} 15. Qc1 {[%emt 0:00:01]} c6 {[%emt 0:00:04]} 16. Bh6 {[%emt 0:00:01]} Qc7 {[%emt 0:00:03]} 17. Bxg7 {[%emt 0:00:01]} Kxg7 {[%emt 0:00:01]} 18. Qd2 {[%emt 0:00:01]} Nd5 {[%emt 0:00:03]} 19. Ne4 {[%emt 0:00:02] TimeB TimeB TimeB} 1-0

[Event "Stay Safe Play From Home 395"]
[Site "Emanuel Lasker Arena"]
[Date "2020.08.19"]
[Round "9"]
[White "IceQueen"]
[Black "Mepe_Nika"]
[Result "1/2-1/2"]
[WhiteElo "2378"]
[BlackElo "2276"]
[PlyCount "111"]
[EventDate "2020.08.19"]
[EventType "swiss (blitz)"]

1. e4 {[%emt 0:00:01]} c6 {[%emt 0:00:01]} 2. Nc3 {[%emt 0:00:00]} d5 {[%emt 0:00:00]} 3. d4 {[%emt 0:00:00]} dxe4 {[%emt 0:00:01]} 4. Nxe4 {[%emt 0:00:00]} Nf6 {[%emt 0:00:00]} 5. Nxf6+ {[%emt 0:00:00]} exf6 {[%emt 0:00:00]} 6. c3 {[%emt 0:00:00]} Bd6 {[%emt 0:00:01]} 7. Bd3 {[%emt 0:00:00]} O-O {[%emt 0:00:01]} 8. Qc2 {[%emt 0:00:00]} Re8+ {[%emt 0:00:01]} 9. Ne2 {[%emt 0:00:00]} h5 {[%emt 0:00:00]} 10. O-O {[%emt 0:00:01]} Nd7 {[%emt 0:00:00]} 11. Bd2 {[%emt 0:00:01]} Nf8 {[%emt 0:00:01]} 12. Rae1 {[%emt 0:00:01]} Be6 {[%emt 0:00:01]} 13. c4 {[%emt 0:00:01]} Qd7 {[%emt 0:00:01]} 14. f4 {[%emt 0:00:04]} g6 {[%emt 0:00:03]} 15. f5 {[%emt 0:00:01]} Bxf5 {[%emt 0:00:02]} 16. Bxf5 {[%emt 0:00:00]} gxf5 {[%emt 0:00:01]} 17. Rxf5 {[%emt 0:00:00]} Kg7 {[%emt 0:00:04]} 18. Rxh5 {[%emt 0:00:02]} Ng6 {[%emt 0:00:00]} 19. Bh6+ {[%emt 0:00:03]} Kg8 {[%emt 0:00:00]} 20. Qd3 {[%emt 0:00:00]} Re6 {[%emt 0:00:01]} 21. d5 {[%emt 0:00:01]} cxd5 {[%emt 0:00:01]} 22. cxd5 {[%emt 0:00:00]} Re5 {[%emt 0:00:01]} 23. Rxe5 {[%emt 0:00:03]} fxe5 {[%emt 0:00:02]} 24. Bg5 {[%emt 0:00:03]} Qg4 {[%emt 0:00:01]} 25. Bd2 {[%emt 0:00:04]} Re8 {[%emt 0:00:01]} 26. Ng3 {[%emt 0:00:01]} Bc5+ {[%emt 0:00:01]} 27. Kh1 {[%emt 0:00:01]} Nf4 {[%emt 0:00:01]} 28. Qf3 {[%emt 0:00:01]} Qxf3 {[%emt 0:00:01]} 29. gxf3 {[%emt 0:00:00]} Nxd5 {[%emt 0:00:01]} 30. Nf5 {[%emt 0:00:01]} Nf4 {[%emt 0:00:02]} 31. Bxf4 {[%emt 0:00:01]} f6 {[%emt 0:00:01]} 32. Be3 {[%emt 0:00:01]} Bb4 {[%emt 0:00:02]} 33. Rg1+ {[%emt 0:00:01]} Kf7 {[%emt 0:00:00]} 34. Rg7+ {[%emt 0:00:01]} Ke6 {[%emt 0:00:00]} 35. Ng3 {[%emt 0:00:01]} Rc8 {[%emt 0:00:03]} 36. Rxb7 {[%emt 0:00:01]} Bd6 {[%emt 0:00:02]} 37. Bxa7 {[%emt 0:00:02]} Rc2 {[%emt 0:00:01]} 38. a4 {[%emt 0:00:01]} f5 {[%emt 0:00:01]} 39. a5 {[%emt 0:00:01]} e4 {[%emt 0:00:00]} 40. fxe4 {[%emt 0:00:00]} fxe4 {[%emt 0:00:00]} 41. Nxe4 {[%emt 0:00:00]} Bxh2 {[%emt 0:00:02]} 42. Rb6+ {[%emt 0:00:01]} Kf5 {[%emt 0:00:01]} 43. Nc3 {[%emt 0:00:02]} Kg4 {[%emt 0:00:01]} 44. Rb5 {[%emt 0:00:00]} Kh3 {[%emt 0:00:01]} 45. Rh5+ {[%emt 0:00:04]} Kg3 {[%emt 0:00:00]} 46. Bb8+ {[%emt 0:00:02]} Kf3 {[%emt 0:00:02]} 47. Bxh2 {[%emt 0:00:00]} Rc1+ {[%emt 0:00:02]} 48. Bg1 {[%emt 0:00:00]} Rc2 {[%emt 0:00:00]} 49. Rh2 {[%emt 0:00:00]} Rc1 {[%emt 0:00:01]} 50. Rf2+ {[%emt 0:00:00]} Kg3 {[%emt 0:00:01]} 51. a6 {[%emt 0:00:00]} Ra1 {[%emt 0:00:00]} 52. a7 {[%emt 0:00:00]} Rxa7 {[%emt 0:00:01]} 53. Rg2+ {[%emt 0:00:00]} Kh3 {[%emt 0:00:01]} 54. Bxa7 {[%emt 0:00:00]} Kh4 {[%emt 0:00:00]} 55. Bf2+ {[%emt 0:00:01]} Kh3 {[%emt 0:00:00]} 56. b4 {[%emt 0:00:00] (Lag: Av=0.48s, max=1.1s) (Lag: Av=0.48s, max=1.1s) (Lag: Av=0.48s, max=1.1s)} 1/2-1/2

[Event "Stay Safe Play From Home 395"]
[Site "Emanuel Lasker Arena"]
[Date "2020.08.19"]
[Round "9"]
[White "MihailoVujic"]
[Black "Lamborghini"]
[Result "0-1"]
[WhiteElo "2204"]
[BlackElo "2320"]
[PlyCount "138"]
[EventDate "2020.08.19"]
[EventType "swiss (blitz)"]

1. e4 {[%emt 0:00:01]} c5 {[%emt 0:00:01]} 2. c3 {[%emt 0:00:01]} d6 {[%emt 0:00:01]} 3. d4 {[%emt 0:00:01]} Nf6 {[%emt 0:00:00]} 4. Bd3 {[%emt 0:00:02]} Nc6 {[%emt 0:00:01]} 5. Ne2 {[%emt 0:00:02]} g6 {[%emt 0:00:02]} 6. Be3 {[%emt 0:00:02]} Bg7 {[%emt 0:00:01]} 7. f3 {[%emt 0:00:01]} cxd4 {[%emt 0:00:01]} 8. cxd4 {[%emt 0:00:01]} O-O {[%emt 0:00:00]} 9. Nbc3 {[%emt 0:00:00]} e5 {[%emt 0:00:01]} 10. d5 {[%emt 0:00:01]} Ne7 {[%emt 0:00:01]} 11. Qd2 {[%emt 0:00:01]} Ne8 {[%emt 0:00:00]} 12. O-O-O {[%emt 0:00:01]} a6 {[%emt 0:00:01]} 13. Bh6 {[%emt 0:00:01]} Bxh6 {[%emt 0:00:04]} 14. Qxh6 {[%emt 0:00:01]} f6 {[%emt 0:00:00]} 15. h4 {[%emt 0:00:02]} Rf7 {[%emt 0:00:01]} 16. g4 {[%emt 0:00:03]} Kh8 {[%emt 0:00:02]} 17. Qe3 {[%emt 0:00:03]} Ng8 {[%emt 0:00:02]} 18. Ng3 {[%emt 0:00:01]} b5 {[%emt 0:00:01]} 19. g5 {[%emt 0:00:01]} f5 {[%emt 0:00:01]} 20. exf5 {[%emt 0:00:01]} gxf5 {[%emt 0:00:01]} 21. f4 {[%emt 0:00:01]} e4 {[%emt 0:00:01]} 22. Qd4+ {[%emt 0:00:01]} Ng7 {[%emt 0:00:01]} 23. Bc2 {[%emt 0:00:02]} Rb8 {[%emt 0:00:01]} 24. h5 {[%emt 0:00:01]} Qb6 {[%emt 0:00:00]} 25. h6 {[%emt 0:00:03]} Qxd4 {[%emt 0:00:01]} 26. Rxd4 {[%emt 0:00:00]} Ne8 {[%emt 0:00:01]} 27. Nh5 {[%emt 0:00:01]} Ne7 {[%emt 0:00:01]} 28. Rg1 {[%emt 0:00:02]} Ng6 {[%emt 0:00:01]} 29. Ne2 {[%emt 0:00:01]} b4 {[%emt 0:00:04]} 30. Kb1 {[%emt 0:00:01]} a5 {[%emt 0:00:01]} 31. Ba4 {[%emt 0:00:01]} Nc7 {[%emt 0:00:01]} 32. Rc1 {[%emt 0:00:02]} Na6 {[%emt 0:00:02]} 33. Rdc4 {[%emt 0:00:01]} Nc5 {[%emt 0:00:00]} 34. Bc2 {[%emt 0:00:01]} a4 {[%emt 0:00:02]} 35. Nd4 {[%emt 0:00:00]} Ba6 {[%emt 0:00:01]} 36. Rxc5 {[%emt 0:00:01]} dxc5 {[%emt 0:00:01]} 37. Ne6 {[%emt 0:00:00]} c4 {[%emt 0:00:01]} 38. Bxa4 {[%emt 0:00:00]} c3 {[%emt 0:00:01]} 39. b3 {[%emt 0:00:01]} Bd3+ {[%emt 0:00:00]} 40. Ka1 {[%emt 0:00:01]} e3 {[%emt 0:00:00]} 41. Nf6 {[%emt 0:00:00]} Rxf6 {[%emt 0:00:01]} 42. gxf6 {[%emt 0:00:01]} e2 {[%emt 0:00:00]} 43. f7 {[%emt 0:00:01]} Nf8 {[%emt 0:00:01]} 44. Nxf8 {[%emt 0:00:01]} Rxf8 {[%emt 0:00:01]} 45. Be8 {[%emt 0:00:00]} c2 {[%emt 0:00:01]} 46. Re1 {[%emt 0:00:01]} Be4 {[%emt 0:00:03]} 47. Kb2 {[%emt 0:00:00]} Bxd5 {[%emt 0:00:01]} 48. Kxc2 {[%emt 0:00:00]} Bxf7 {[%emt 0:00:00]} 49. Kd2 {[%emt 0:00:00]} Bxe8 {[%emt 0:00:01]} 50. Rg1 {[%emt 0:00:00]} Bg6 {[%emt 0:00:00]} 51. Kxe2 {[%emt 0:00:00]} Re8+ {[%emt 0:00:01]} 52. Kf3 {[%emt 0:00:00]} Re4 {[%emt 0:00:00]} 53. Rc1 {[%emt 0:00:00]} Re8 {[%emt 0:00:00]} 54. Rc7 {[%emt 0:00:00]} Kg8 {[%emt 0:00:00]} 55. Rg7+ {[%emt 0:00:00]} Kf8 {[%emt 0:00:00]} 56. Rc7 {[%emt 0:00:00]} Rd8 {[%emt 0:00:00]} 57. Rb7 {[%emt 0:00:00]} Rd3+ {[%emt 0:00:01]} 58. Ke2 {[%emt 0:00:00]} Rd4 {[%emt 0:00:00]} 59. Rb5 {[%emt 0:00:01]} Re4+ {[%emt 0:00:01]} 60. Kf3 {[%emt 0:00:01]} Rd4 {[%emt 0:00:00]} 61. Rb8+ {[%emt 0:00:00]} Ke7 {[%emt 0:00:00]} 62. Rb7+ {[%emt 0:00:00]} Kf6 {[%emt 0:00:00]} 63. Rb5 {[%emt 0:00:00]} Ke7 {[%emt 0:00:01]} 64. Rb6 {[%emt 0:00:00]} Kd7 {[%emt 0:00:01]} 65. Rb7+ {[%emt 0:00:00]} Kc6 {[%emt 0:00:01]} 66. Rg7 {[%emt 0:00:00]} Rd3+ {[%emt 0:00:00]} 67. Ke2 {[%emt 0:00:01]} Rd2+ {[%emt 0:00:00]} 68. Kxd2 {[%emt 0:00:01]} Kd5 {[%emt 0:00:00]} 69. Rxg6 {[%emt 0:00:00]} Ke4 {[%emt 0:00:00] Time Time Time (Lag: Av=0.56s, max=1.3s) (Lag: Av=0.56s, max=1.3s) (Lag: Av=0.56s, max=1.3s)} 0-1

[Event "Stay Safe Play From Home 395"]
[Site "Emanuel Lasker Arena"]
[Date "2020.08.19"]
[Round "9"]
[White "Fat Kevin"]
[Black "NTBT_DHS"]
[Result "0-1"]
[WhiteElo "2045"]
[BlackElo "2523"]
[Annotator "RC"]
[PlyCount "46"]
[EventDate "2020.08.19"]
[EventType "swiss (blitz)"]

1. c3 {[%emt 0:00:02]} g6 {[%emt 0:00:00]} 2. d4 {[%emt 0:00:00]} Bg7 {[%emt 0:00:00]} 3. e4 {[%emt 0:00:00]} Nf6 {[%emt 0:00:00]} 4. Qc2 {[%emt 0:00:02]} d6 {[%emt 0:00:01]} 5. f4 {[%emt 0:00:01]} O-O {[%emt 0:00:00]} 6. Nf3 {[%emt 0:00:00]} c5 {[%emt 0:00:01]} 7. e5 {[%emt 0:00:01]} Nd5 {[%emt 0:00:01]} 8. Bc4 {[%emt 0:00:01]} Be6 {[%emt 0:00:01]} 9. Bxd5 {[%emt 0:00:02]} Bxd5 {[%emt 0:00:01]} 10. O-O {[%emt 0:00:02]} Nc6 {[%emt 0:00:01]} 11. Be3 {[%emt 0:00:02]} Rc8 {[%emt 0:00:02]} 12. Qd2 {[%emt 0:00:07]} Bxf3 {[%emt 0:00:02]} 13. Rxf3 {[%emt 0:00:01]} cxd4 {[%emt 0:00:00]} 14. cxd4 {[%emt 0:00:00]} dxe5 {[%emt 0:00:01]} 15. fxe5 {[%emt 0:00:02]} Nb4 {[%emt 0:00:02]} 16. Nc3 {[%emt 0:00:01]} Nd5 {[%emt 0:00:02]} 17. Bf2 {[%emt 0:00:01]} Qa5 {[%emt 0:00:02]} 18. Rc1 {[%emt 0:00:02]} Rfd8 {[%emt 0:00:03]} 19. Rd3 {[%emt 0:00:04]} Nb4 {[%emt 0:00:03]} 20. Rf3 {[%emt 0:00:01]} Bxe5 {[%emt 0:00:01]} 21. Qg5 {[%emt 0:00:03]} Bxh2+ {[%emt 0:00:01]} 22. Kxh2 {[%emt 0:00:01]} Qxg5 {[%emt 0:00:00]} 23. Rh3 {[%emt 0:00:01]} Qxc1 {[%emt 0:00:01] Fat Kevin gibt auf Fat Kevin gibt auf Fat Kevin gibt auf (Lag: Av=0.57s, max=1.3s) (Lag: Av=0.57s, max=1.3s) (Lag: Av=0.57s, max=1.3s)} 0-1

[Event "Stay Safe Play From Home 395"]
[Site "Emanuel Lasker Arena"]
[Date "2020.08.19"]
[Round "9"]
[White "theCHESSHOUSE"]
[Black "Tran Minh Thang"]
[Result "0-1"]
[WhiteElo "1967"]
[BlackElo "2517"]
[Annotator "TA"]
[PlyCount "82"]
[EventDate "2020.08.19"]
[EventType "swiss (blitz)"]

{[%evp 20,81,0,-8,14,12,29,41,53,42,81,53,70,60,132,26,131,31,81,87,199,65,126,45,28,0,0,0,0,-4,39,45,632,8,28,0,46,3,16,16,14,-42,-42,-22,-35,-61,-34,-64,-45,-50,-33,-120,-35,-598,147,-295,-304,-1820,-1535,-29988,-813,-29999,-29999,-29999]} 1. d4 Nf6 2. c4 e6 3. g3 d5 4. Bg2 Be7 5. Nf3 O-O 6. O-O c6 7. Nbd2 b6 8. Qc2 Bb7 9. Rd1 Nbd7 10. b3 Rc8 11. Bb2 Re8 {E09: Closed Catalan: Main Line: 7 Qc2 c6 8 Nbd2.} 12. Rac1 dxc4 13. Nxc4 Qc7 {[#] White is slightly better.} 14. e4 $146 ({Predecessor:} 14. Qb1 a5 15. Ng5 Rf8 16. e4 c5 17. e5 Bxg2 {1-0 (17) Szymczak,Z (2280)-Baturo,T (2053) Ketrzyn 2009}) 14... Qb8 15. Nfe5 Red8 16. Qe2 c5 (16... Nxe5 $14 17. dxe5 Ne8) 17. Nxd7 (17. d5 $16 Nxe5 18. Bxe5) 17... Rxd7 (17... Nxd7 $11 18. Ba3 Bf6) 18. dxc5 (18. d5 $16 exd5 19. Bh3) 18... Rxd1+ 19. Rxd1 bxc5 (19... Bxc5 $16 {is a better defense.} 20. Bxf6 gxf6) 20. h3 (20. Be5 $18 Qa8 21. Bxf6 Bxf6 22. Nd6) 20... Qc7 (20... Rd8 $14) 21. e5 (21. Be5 $16 Qc6 22. Bxf6 gxf6 23. Qg4+ Kh8 24. Qh5) 21... Nd5 $14 22. Nd6 Bxd6 23. exd6 Qxd6 24. Qg4 {[%csl Gb2][%cal Rg4g7]} g6 25. Qg5 {[%mdl 1024] White has compensation.} Qd8 $2 {[%mdl 8192]} (25... Re8 $14) 26. Qh6 $2 (26. Qe5 $18 {[%csl Gb2][%cal Re5h8]} f6 27. Qxe6+ Kg7 28. Bxd5) 26... Qf8 27. Qg5 {And now Qe5 would win.} (27. Qh4 {is interesting.} Qd6 28. Qc4 Qb6 29. Qe2 Ba6 30. Qe5) 27... f6 28. Qd2 ({Much worse is} 28. Bxd5 exd5 29. Qxf6 Qxf6 $11) (28. Bxf6 $5 Qxf6 29. Qxf6 Nxf6 30. Bxb7 $14) 28... Kg7 29. Qe2 Qf7 30. Qb5 ({White should try} 30. Rc1 $11) 30... Nb6 $15 31. Bxb7 Qxb7 32. Qd3 e5 33. Qc3 Nd5 34. Qc4 Rd8 35. Re1 (35. Qe4 $15) 35... Qd7 (35... Nb4 $17 {Hoping for ...Nd3.} 36. Bc1 Nc6) 36. Rxe5 $2 {[%mdl 8192]} ({Better is} 36. Qxc5 $15 Qb7 37. Ba3) 36... Ne7 $2 (36... fxe5 $19 37. Bxe5+ Kg8) 37. Rxe7+ $4 {[%mdl 8192]} ({Of course not} 37. Qxc5 $6 fxe5 38. Qxe5+ Kf8 $11) (37. Re1 $16 {keeps the pressure on.}) 37... Qxe7 $19 38. a4 $2 (38. Qc3) 38... Rd1+ 39. Kg2 Qe1 (39... Qb7+ $142 40. f3 Rd2+ {[%mdl 64] Double Attack} 41. Kg1 Qxf3 42. Bxf6+ Qxf6 43. Qf4 Qa1+ 44. Qf1 Qd4+ 45. Kh1 Qe4+ 46. Kg1 {[#]} Qe3+ $1 {[%mdl 576] Double Attack} 47. Kh1 Qxg3 48. Qa1+ Kh6 $1 {[%mdl 512]} 49. Qg7+ Kxg7 50. a5 Qh2#) 40. Qe4 Qxe4+ 41. f3 Qe2# {Quite a comeback for Black. Accuracy: White = 21%, Black = 33%.} 0-1